Žobráci - novela ako rozprávka, balada, legenda

Bibliographic Details
Main Author: Palaščáková-Iľková, Magdaléna (Author)
Format: Article
Language:Slovak
Subjects:

MARC

LEADER 00000nab a2200000 a 4500
001 vtls010279456
003 SK-MaSNL
005 20260304181717.0
008 110518c2010 xo r m 000 00slo
015 |a SNBRA2011/05SVKPO 
038 |a SVKPO 
040 |a SVKPOCL  |b slo  |c SVKPOCL  |e AACR2 
041 0 |a slo 
044 |a xo  |c SK 
080 |a 82.0:82-1/-9  |2 2001 
080 |a 82.09:929:821.162.4-3  |2 2001 
080 |a 82-1/-9  |2 2001 
080 |a 821.162.4-3.09  |2 2001 
080 |a 929 Rakús, Stanislav  |2 2001 
100 1 |a Palaščáková-Iľková, Magdaléna  |4 aut  |9 1511392 
245 1 0 |a Žobráci - novela ako rozprávka, balada, legenda  |c Magdaléna Palaščáková-Iľková 
504 |a Bibliogr. odkazy 
600 1 7 |a Rakús, Stanislav,  |d 1940-  |t Žobráci  |2 SNKMA  |9 88438 
650 0 7 |a slovenská literatúra  |2 svkpocl  |9 1115 
650 0 7 |a slovenské novely  |2 SNKPH  |9 383297 
650 0 7 |a literárne žánre  |2 svkpocl  |9 58545 
655 7 |a štúdie  |2 svkpocl  |9 57033 
773 0 |t Genologické a medziliterárne štúdie 3 : problémy prózy  |d Prešov : Filozofická fakulta Prešovskej univerzity, 2010  |g S. 37-46  |z 9788055502311 
852 |a SVKPO  |b KIS3GCP 
958 |a SK 
958 |a NB 
958 |a LX 
999 |c 3025521  |d 3027451